ESMO handbook of principles of translational research

Saved in:
Bibliographic Details
Format: Book
Published: 2006
Tags: Add Tag
No Tags, Be the first to tag this record!
Call Number :

MARC

LEADER 00000pam a2200000 4500
001 28058
003 MY-KLNDU
005 20241218082445.0
020 0 0 |a 9780415410915 
020 0 0 |a 0415410916 
035 |a 0000035770 
039 9 |a 200911181216  |b VLOAD  |y 200910091808  |z VLOAD 
245 0 0 |a ESMO handbook of principles of translational research 
260 0 0 |a 2006 
591 |a 0000006432  |b 10/12/08  |c 0200-07  |d 1  |e RM308  |f 1  |g 308  |h INTRABAKTI SD.BHD. 
999 |a vtls000037989  |c 28058  |d 28058